Country Quiz: Bosnia and Herzegovina 🇧🇦 - Statistics

General Stats
  • This quiz has been taken 31 times
  • The average score is 19 of 28
Answer Stats
Hint Answer % Correct
Language Bosnian / Croatian / Serbian
96%
Nationality Bosnian / Herzegovinian
96%
Capital Sarajevo
96%
Time zones 1 (UTC+1)
91%
Bordering countries Croatia
91%
Main Religion Islam
91%
Serbia
91%
National Sport Football
87%
Montenegro
87%
Between 1463-1878, Bosnia and Herzegovina was part of this historical empire Ottoman empire
87%
Bordering Seas Adriatic sea
83%
Between 1918-1990s, B&H was part of this country, and between 1945-1991, this country was ruled by this ideology Yugoslavia
78%
Franz Ferdinand
74%
Independence 1992
70%
Second-Largest City Banja Luka
70%
Communism
70%
Currency Mark
65%
Founding Father and Most Famous Leader (1992-96) Alija Izetbegović
61%
In 1914, this Serbian / Bosnian nationalist assassinated the Archduke of the Austro-Hungarian empire, and is often called the Shoots in Sarajevo, and this incident precipitated World War I Gavrilo Princip
61%
In 1984, this country became the first ever country ruled by the ideology they used, to host this sporting event, and the event was held in the present-day capital of B&H Winter Olympics
61%
Home to the world's second-shortest _____line, only after Monaco Coast
57%
State-Condition Republic
52%
The capital of B&H was the first city in Europe to ever use an electrical version of this type of transport Tram
48%
Climate Temperate / Continental
39%
This B&H city is considered the only free city in Europe; has its own judicial, educational and healthcare system Brčko
30%
Main Export (goods) (hint: highly essential, but can kill you if you touch it) Electricity
17%
The name Bosnia comes from the Indo-Germanic word Bosana, which means ..... Water
13%
The Sarajevo Clock Tower is a historical heritage site and is considered the only public clock in the world that measures _____ time Lunar
9%
No matching quizzes found
Score Distribution
Percent of People with Each Score
Percentile by Number Answered
Your Score History
You have not taken this quiz